[Event "Bay Area International"]
[Site "?"]
[Date "2014.01.06"]
[Round "7"]
[White "Haessel, Dale"]
[Black "Shen, Victor"]
[Result "0-1"]
[WhiteElo "2211"]
[BlackElo "2424"]
[PlyCount "84"]
[EventDate "2014.??.??"]

1. Nf3 d5 2. d4 Nf6 3. c4 c6 4. e3 Bg4 5. h3 Bh5 6. Nc3 e6 7. g4 Bg6 8. Ne5
Nbd7 9. Nxg6 hxg6 10. cxd5 Nxd5 11. e4 N5b6 12. Bf4 Be7 13. Bg2 g5 14. Bg3 Bf6
15. Qd2 e5 16. d5 c5 17. Bf1 a6 18. a4 Nc8 19. f3 Nd6 20. Bf2 b6 21. Be3 c4 22.
Na2 Nc5 23. Bxc5 bxc5 24. Rc1 Qd7 25. Qa5 Bd8 26. Qxc5 Rc8 27. Qa3 Be7 28. b4
a5 29. Rh2 O-O 30. Rhc2 Ra8 31. Bxc4 axb4 32. Qb2 Qxa4 33. Qxb4 Qa7 34. Be2 Nf5
35. Qc4 Ne3 36. Qd3 Nxc2+ 37. Rxc2 Qg1+ 38. Bf1 Rfc8 39. Nc3 Ra1+ 40. Nd1 Bb4+
41. Ke2 Qh2+ 42. Nf2 Bc5 0-1

[Event "Bay Area International"]
[Site "?"]
[Date "2014.01.06"]
[Round "7"]
[White "Hendrickson, Nolan"]
[Black "Ruiz, Joshua"]
[Result "0-1"]
[WhiteElo "2145"]
[BlackElo "2374"]
[PlyCount "94"]
[EventDate "2014.??.??"]

1. e4 c5 2. Nc3 d6 3. f4 g6 4. Nf3 Bg7 5. Bb5+ Bd7 6. a4 e6 7. O-O Ne7 8. d3
O-O 9. Be3 Qc7 10. Bxd7 Nxd7 11. Qe1 d5 12. Qh4 Rae8 13. Bd2 d4 14. Nb5 Qb8 15.
Na3 b6 16. b4 cxb4 17. Bxb4 Nc5 18. Bxc5 bxc5 19. Rfb1 Qc7 20. Nc4 Rb8 21. Qe1
Nc6 22. e5 Nb4 23. Qd2 Nd5 24. g3 Rxb1+ 25. Rxb1 Nc3 26. Ra1 Rb8 27. Ng5 h6 28.
Ne4 Nxe4 29. dxe4 Rb4 30. Qd3 g5 31. a5 Qc6 32. Ra3 gxf4 33. gxf4 Qb5 34. Nd6
Rb1+ 35. Kg2 Qb4 36. Qg3 Qd2+ 37. Kh3 Kf8 38. Rb3 Qxc2 39. Rxb1 Qxb1 40. f5
Qf1+ 41. Kh4 d3 42. Nxf7 d2 43. Nd8 Qe1 44. Nxe6+ Kf7 45. Nd8+ Ke8 46. f6 d1=Q
47. fxg7 Qxe4+ 0-1

[Event "Bay Area International"]
[Site "?"]
[Date "2014.01.06"]
[Round "7"]
[White "Hernandez, Holden"]
[Black "Aleskerov, Faik"]
[Result "1/2-1/2"]
[WhiteElo "2548"]
[BlackElo "2331"]
[PlyCount "151"]
[EventDate "2014.??.??"]

1. d4 Nf6 2. c4 e6 3. Nf3 d5 4. Nc3 c6 5. Qd3 Nbd7 6. g3 Bd6 7. Bg2 O-O 8. O-O
dxc4 9. Qxc4 e5 10. Rd1 Qe7 11. e4 c5 12. dxe5 Nxe5 13. Qe2 Bg4 14. Bg5 Qe6 15.
h3 Nxf3+ 16. Bxf3 Bxf3 17. Qxf3 Be5 18. Bxf6 Qxf6 19. Qxf6 Bxf6 20. Rd7 Rab8
21. Rad1 Bd4 22. Kg2 a6 23. Rd2 b5 24. Nd5 Rfd8 25. Ne7+ Kf8 26. Rxd8+ Rxd8 27.
Nc6 Rd6 28. Nxd4 cxd4 29. Kf3 Ke7 30. e5 Re6 31. Kf4 f6 32. exf6+ Rxf6+ 33. Ke4
g5 34. Kxd4 Rh6 35. Re2+ Kf7 36. Rc2 Rxh3 37. Rc6 Rh1 38. Rxa6 Rb1 39. b3 Rb2
40. f4 g4 41. Rh6 Rd2+ 42. Ke5 Kg7 43. Rb6 Rxa2 44. Rb7+ Kg6 45. f5+ Kh6 46.
Kf4 Rd2 47. Rxb5 Rd4+ 48. Ke5 Rd3 49. Kf4 Rd4+ 50. Ke3 Rd6 51. Rb8 Kg5 52. Ke4
Rd7 53. Rg8+ Kf6 54. b4 Rd1 55. Rb8 Kg5 56. b5 Re1+ 57. Kd4 Rd1+ 58. Ke3 Re1+
59. Kd2 Re7 60. b6 Kxf5 61. b7 Ke4 62. Kc3 h6 63. Kc4 h5 64. Kc5 h4 65. gxh4 g3
66. Kd6 g2 67. Kxe7 g1=Q 68. Re8 Kd5 69. b8=Q Qg7+ 70. Kd8 Qf6+ 71. Kd7 Qc6+
72. Kd8 Qf6+ 73. Kc8 Qc6+ 74. Qc7 Qxe8+ 75. Qd8+ Qxd8+ 76. Kxd8 1/2-1/2

[Event "Bay Area International"]
[Site "?"]
[Date "2014.01.06"]
[Round "7"]
[White "Kiewra, Keaton"]
[Black "Wheeler, Cameron"]
[Result "1-0"]
[WhiteElo "2413"]
[BlackElo "2192"]
[PlyCount "75"]
[EventDate "2014.??.??"]

1. e4 e6 2. d4 d5 3. Nd2 Be7 4. Bd3 c5 5. dxc5 Nf6 6. Qe2 O-O 7. Ngf3 a5 8. O-O
Na6 9. e5 Nd7 10. c4 Ndxc5 11. Bb1 b6 12. Rd1 a4 13. cxd5 exd5 14. Nd4 Nb4 15.
N2f3 Bg4 16. a3 Nb3 17. axb4 Nxa1 18. Nc6 Qc7 19. b5 Nb3 20. Bf4 Nc5 21. Rxd5
Ne6 22. Qd3 g6 23. Rd7 Nxf4 24. Nxe7+ Kg7 25. Rxc7 Nxd3 26. Bxd3 Rfd8 27. Bc2
a3 28. bxa3 Rxa3 29. h3 Bxf3 30. gxf3 Rd2 31. Be4 Ra1+ 32. Kg2 Raa2 33. Kg3
Rxf2 34. Kf4 h6 35. Nc8 g5+ 36. Kf5 Ra4 37. e6 Rb2 38. Rxf7+ 1-0

[Event "Bay Area International"]
[Site "?"]
[Date "2014.01.06"]
[Round "7"]
[White "Klotz-Burwell, Hunter"]
[Black "Byambaa, Uyanga"]
[Result "0-1"]
[WhiteElo "2006"]
[BlackElo "2028"]
[PlyCount "84"]
[EventDate "2014.??.??"]

1. e4 c5 2. c3 g6 3. d4 cxd4 4. cxd4 d5 5. e5 Nc6 6. f4 Bg7 7. Nf3 Bg4 8. Be2
e6 9. Nc3 Nge7 10. Be3 Nf5 11. Bf2 Qb6 12. O-O Bxf3 13. Bxf3 Qxb2 14. Qd3 O-O
15. a3 Qb6 16. Rfb1 Qc7 17. g4 Nfe7 18. Nb5 Qd7 19. Nd6 b6 20. h4 Nc8 21. Nb5
a6 22. Nc3 N6e7 23. Kg2 Ra7 24. Rh1 f5 25. g5 Rd8 26. h5 Kf7 27. Qd1 b5 28.
hxg6+ hxg6 29. Rh7 Rg8 30. Ne2 Nb6 31. Be1 Nc4 32. Kf2 Raa8 33. Bb4 Nc6 34. Bc5
Rh8 35. Rxh8 Rxh8 36. Qb3 Bf8 37. Bxf8 Kxf8 38. Rh1 Rxh1 39. Bxh1 Qh7 40. Bg2
Qh4+ 41. Qg3 Qxg3+ 42. Nxg3 Nxd4 0-1

[Event "Bay Area International"]
[Site "?"]
[Date "2014.01.06"]
[Round "7"]
[White "Mackenzie, Dana"]
[Black "Studen, Damir"]
[Result "1/2-1/2"]
[WhiteElo "2068"]
[BlackElo "2285"]
[PlyCount "186"]
[EventDate "2014.??.??"]

1. f4 d5 2. Nf3 Nf6 3. e3 c5 4. Be2 Nc6 5. b3 g6 6. Bb2 Bg7 7. O-O O-O 8. Ne5
Qc7 9. Nxc6 Qxc6 10. a4 a6 11. Bf3 b6 12. Qe2 Bb7 13. c4 Qd7 14. Na3 e6 15. d3
Bc6 16. Rac1 Rac8 17. g4 Rfd8 18. Rfd1 Qb7 19. Kf2 b5 20. g5 Ne8 21. axb5 axb5
22. cxd5 Bxd5 23. Bxd5 exd5 24. Bxg7 Nxg7 25. Nc2 Ne6 26. Qf3 Qb8 27. d4 c4 28.
b4 Ng7 29. Ra1 Qb7 30. Ra5 Ra8 31. Rda1 Rxa5 32. bxa5 Nf5 33. a6 Qb6 34. a7 Qb7
35. Nb4 Ne7 36. f5 gxf5 37. Ra6 Ra8 38. Rh6 Ng6 39. Nxd5 Rxa7 40. Qxf5 Ra2+ 41.
Kf3 Ra6 42. e4 c3 43. Nf6+ Rxf6 44. gxf6 c2 45. Qc5 Qa6 46. e5 Qa8+ 47. Kf2 Nf4
48. Ke3 Nd5+ 49. Kd2 Nf4 50. Qxc2 Qg2+ 51. Kc3 b4+ 52. Kb3 Qd5+ 53. Kxb4 Qxd4+
54. Kb5 Qxe5+ 55. Ka6 Qe6+ 56. Kb7 Qd5+ 57. Qc6 Qb3+ 58. Kc8 Ng6 59. Rh5 Qe3
60. Rd5 Qh3+ 61. Qd7 Qc3+ 62. Qc7 Qxf6 63. Qd8+ Kg7 64. Qxf6+ Kxf6 65. Kd7 Nf8+
66. Kd6 Ne6 67. Rh5 Kg6 68. Rh4 Ng7 69. Ke5 f6+ 70. Ke4 Ne8 71. Rg4+ Kf7 72.
Kf4 Ng7 73. Rg1 Ne6+ 74. Kg4 Ng7 75. h4 h5+ 76. Kf4 Ne6+ 77. Ke4 Ng7 78. Ra1
Kg6 79. Ra5 Ne6 80. Rb5 Ng7 81. Rb4 Nf5 82. Kd5 Ne3+ 83. Ke6 Nf5 84. Rf4 Ng7+
85. Ke7 Nf5+ 86. Kf8 Nxh4 87. Rxh4 Kg5 88. Ra4 h4 89. Ke7 h3 90. Ra2 Kg4 91.
Kxf6 Kg3 92. Kg5 h2 93. Rxh2 Kxh2 1/2-1/2

[Event "Bay Area International"]
[Site "?"]
[Date "2014.01.06"]
[Round "7"]
[White "Manvelyan, Hovik"]
[Black "Evans, Bela"]
[Result "0-1"]
[WhiteElo "1955"]
[BlackElo "2243"]
[PlyCount "71"]
[EventDate "2014.??.??"]

1. d4 d5 2. Nf3 Nf6 3. c4 e6 4. g3 Bb4+ 5. Bd2 Be7 6. Bg2 c6 7. Qc2 b6 8. O-O
Ba6 9. b3 O-O 10. Re1 Nbd7 11. Bf4 Rc8 12. Nbd2 Nh5 13. Be3 f5 14. Nf1 Bd6 15.
Ng5 Qe7 16. f4 Nhf6 17. Nf3 c5 18. N1d2 b5 19. Rad1 Ng4 20. Bf2 Nxf2 21. Kxf2
bxc4 22. bxc4 cxd4 23. Nxd4 Bxc4 24. Nxc4 Rxc4 25. Qb1 Nf6 26. e3 Rb8 27. Qd3
Rb2+ 28. Kg1 Bc5 29. Nxf5 Qf7 30. Nd4 Bxd4 31. exd4 Rcc2 32. Bh3 Qh5 33. Bxe6+
Kh8 34. h3 Rg2+ 35. Kh1 Ne4 36. Qf1 0-1

[Event "Bay Area International"]
[Site "?"]
[Date "2014.01.06"]
[Round "7"]
[White "Taghizadeh, Rayan"]
[Black "Iyengar, Udit"]
[Result "1/2-1/2"]
[WhiteElo "1967"]
[BlackElo "2031"]
[PlyCount "78"]
[EventDate "2014.??.??"]

1. e4 c5 2. Nf3 e6 3. d4 cxd4 4. Nxd4 Nf6 5. Nc3 d6 6. Be2 Be7 7. O-O O-O 8.
Be3 a6 9. Kh1 Qc7 10. a4 b6 11. f4 Bb7 12. Bf3 Nbd7 13. Nb3 Rfd8 14. Qe1 d5 15.
exd5 Nxd5 16. Bxd5 exd5 17. Nd4 Nc5 18. Qf2 Bf6 19. Rad1 Re8 20. Nde2 Qe7 21.
Bd4 Ne4 22. Nxe4 dxe4 23. Qe3 Rac8 24. c3 Bc6 25. b3 Qe6 26. Bxf6 Qxf6 27. Rd4
Qe6 28. c4 b5 29. axb5 axb5 30. Rfd1 bxc4 31. Rxc4 Bd5 32. Rxc8 Rxc8 33. h3 h6
34. Nd4 Qb6 35. Qg3 Qf6 36. Qg4 Rb8 37. Qg3 Rb4 38. Qc3 Rb8 39. Qc7 Qb6 1/2-1/2

[Event "Bay Area International"]
[Site "?"]
[Date "2014.01.06"]
[Round "7"]
[White "Viswanadha, Kesav"]
[Black "Santarius, Erik"]
[Result "0-1"]
[WhiteElo "2153"]
[BlackElo "2343"]
[PlyCount "84"]
[EventDate "2014.??.??"]

1. e4 e6 2. d4 d5 3. Nc3 Bb4 4. e5 c5 5. a3 Bxc3+ 6. bxc3 Ne7 7. Qg4 O-O 8. Bd3
Nbc6 9. Qh5 Ng6 10. Nf3 Qc7 11. Be3 c4 12. Bxg6 fxg6 13. Qg4 Qf7 14. Ng5 Qe8
15. h4 Bd7 16. Qe2 b5 17. h5 h6 18. Nh3 a5 19. g4 b4 20. g5 gxh5 21. Nf4 g6 22.
Rg1 bxc3 23. gxh6 Rxf4 24. Bxf4 Nxd4 25. Qd1 Nf5 26. Qxh5 Kh7 27. Qf3 d4 28.
Rb1 Bc6 29. Qe2 Rb8 30. Qd1 Rb2 31. Rc1 Ba4 32. Kf1 d3 33. Qe1 d2 34. Bxd2 cxd2
35. Qxd2 Rb5 36. Qc3 Qb8 37. Qxc4 Rb1 38. Kg2 Qb7+ 39. Kh2 Rxc1 40. Rxc1 Qf3
41. Qf1 Qf4+ 42. Kg1 Bc6 0-1

[Event "Bay Area International"]
[Site "?"]
[Date "2014.01.06"]
[Round "7"]
[White "Wang, Michael"]
[Black "Betaneli, Alex"]
[Result "0-1"]
[WhiteElo "2040"]
[BlackElo "2250"]
[PlyCount "74"]
[EventDate "2014.??.??"]

1. e4 e5 2. Nf3 Nc6 3. Bb5 a6 4. Ba4 Nf6 5. O-O Be7 6. Re1 d6 7. c3 Bg4 8. h3
Bh5 9. d3 Nd7 10. Be3 h6 11. g4 Bg6 12. Nbd2 Bg5 13. d4 Bxe3 14. fxe3 b5 15.
Bc2 h5 16. g5 f6 17. h4 Nf8 18. a4 Rb8 19. axb5 axb5 20. Kh2 Ne7 21. gxf6 gxf6
22. Rg1 Ng8 23. Qe2 Nh6 24. Bd3 Ng4+ 25. Kh1 Qd7 26. Nh2 Bf7 27. Ra7 Ng6 28.
Ndf3 O-O 29. d5 Be8 30. b4 Rf7 31. Rga1 Qc8 32. Bc2 Rg7 33. R1a5 Nxh2 34. Qxh2
Qg4 35. Qf2 Qh3+ 36. Nh2 Nxh4 37. Ra1 Rg2 0-1

[Event "Bay Area International"]
[Site "?"]
[Date "2014.01.06"]
[Round "7"]
[White "Yanayt, Eugene"]
[Black "Vibbert, Sean"]
[Result "0-1"]
[WhiteElo "2223"]
[BlackElo "2333"]
[PlyCount "136"]
[EventDate "1.??.??"]

1. e4 c5 2. Nf3 e6 3. d4 cxd4 4. Nxd4 Nc6 5. Nc3 Qc7 6. Be2 a6 7. O-O b5 8. Be3
Bb7 9. Nb3 Ne5 10. f4 Nc4 11. Bd4 Nf6 12. e5 Nd5 13. Nxd5 Bxd5 14. Qe1 Be7 15.
Bf3 Bc6 16. Qf2 O-O 17. Bxc6 Qxc6 18. f5 f6 19. exf6 Bxf6 20. fxe6 dxe6 21.
Bxf6 Rxf6 22. Qd4 e5 23. Rxf6 gxf6 24. Qg4+ Kh8 25. Rb1 Rg8 26. Qe2 Ne3 27. g3
Qb6 28. Kh1 f5 29. Nd2 f4 30. Rg1 Qc6+ 31. Qf3 Qxf3+ 32. Nxf3 e4 33. Nd2 f3 34.
Nxe4 Re8 35. Nf2 Nxc2 36. Nd1 Re2 37. Nc3 Rd2 38. Ne4 Rd4 39. Nf2 Ne3 40. Re1
Rc4 41. Nd3 Ng4 42. h3 Rd4 43. Nf4 Nf2+ 44. Kg1 Ne4 45. Rf1 f2+ 46. Kg2 Rc4 47.
Nd3 Rc2 48. g4 Kg7 49. Rc1 Rd2 50. Kf3 Rc2 51. Kg2 Rd2 52. Kf3 Rxd3+ 53. Kxe4
Rd2 54. b4 Rxa2 55. Kf3 Rb2 56. Kg2 Rxb4 57. Rc7+ Kg6 58. Rc6+ Kg5 59. Rxa6 Rf4
60. Kf1 b4 61. Ra7 b3 62. Ra5+ Kh4 63. Rd5 Kg3 64. g5 Rb4 65. Rd3+ Kf4 66. Rd1
b2 67. Rb1 Kf3 68. g6 Rc4 0-1

[Event "Bay Area International"]
[Site "?"]
[Date "2014.01.07"]
[Round "8"]
[White "Abrahamyan, Tatev"]
[Black "Berczes, David"]
[Result "1-0"]
[WhiteElo "2356"]
[BlackElo "2519"]
[PlyCount "107"]
[EventDate "1.??.??"]

1. e4 e5 2. Nf3 Nc6 3. Bc4 Nf6 4. Ng5 d5 5. exd5 Na5 6. Bb5+ c6 7. dxc6 bxc6 8.
Bd3 Nd5 9. Nf3 Bd6 10. O-O Nf4 11. Re1 Nxd3 12. cxd3 O-O 13. Nc3 Re8 14. b3 c5
15. Ne4 Bf8 16. Ba3 Nc6 17. Rc1 Nb4 18. Bxb4 cxb4 19. Ng3 Bb7 20. Nxe5 Qd5 21.
Qf3 Qxf3 22. Nxf3 Rxe1+ 23. Nxe1 a5 24. Ne4 Re8 25. Kf1 Re5 26. f4 Rb5 27. Nf3
a4 28. Ne5 axb3 29. axb3 Ra5 30. Rc7 Ba6 31. Ke2 h6 32. Nd7 Be7 33. Nb8 Bf8 34.
Nxa6 Rxa6 35. Rc8 Re6 36. Kf3 f5 37. Nc5 Rd6 38. Ke3 Kf7 39. d4 g5 40. Nd3 Ra6
41. Ne5+ Kg7 42. Rc7+ Kg8 43. fxg5 hxg5 44. Nc4 Re6+ 45. Kd3 Rh6 46. h3 g4 47.
hxg4 fxg4 48. d5 g3 49. Ke3 Rf6 50. Rc6 Rf1 51. d6 Re1+ 52. Kd3 Re8 53. d7 Rd8
54. Ne5 1-0

[Event "Bay Area International"]
[Site "?"]
[Date "2014.01.07"]
[Round "8"]
[White "Aleskerov, Faik"]
[Black "Vovsha, Eli"]
[Result "1/2-1/2"]
[WhiteElo "2331"]
[BlackElo "2483"]
[PlyCount "112"]
[EventDate "1.??.??"]

1. e4 c5 2. Nc3 d6 3. f4 g6 4. Nf3 Bg7 5. Bc4 Nc6 6. O-O e6 7. f5 exf5 8. d3
Nge7 9. Qe1 h6 10. exf5 Bxf5 11. g4 Be6 12. Bxe6 fxe6 13. Qxe6 Qd7 14. Qxd7+
Kxd7 15. Bf4 Raf8 16. Bg3 Bxc3 17. bxc3 Nd5 18. Nh4 g5 19. Ng6 Rxf1+ 20. Rxf1
Rg8 21. c4 Rxg6 22. cxd5 Nb4 23. Rf7+ Kc8 24. Rf8+ Kc7 25. Rf7+ Kc8 26. Rf8+
Kc7 27. Rf7+ Kb6 28. Rd7 Nxd5 29. Rxd6+ Rxd6 30. Bxd6 Ne3 31. h3 Nxc2 32. Bf8
Nd4 33. Bxh6 Ne6 34. Kf2 Kc6 35. Kg3 Kd5 36. h4 gxh4+ 37. Kxh4 Kd4 38. Kh5 Kxd3
39. Kg6 Ke4 40. Kf6 Kd5 41. a4 b6 42. g5 Nxg5 43. Bxg5 a6 44. Kf5 b5 45. axb5
axb5 46. Bf6 b4 47. Kf4 Kc4 48. Ke3 Kb3 49. Kd2 c4 50. Kc1 c3 51. Bg7 Kc4 52.
Kc2 b3+ 53. Kb1 Kd3 54. Bxc3 Kxc3 55. Kc1 b2+ 56. Kb1 Kb3 1/2-1/2

[Event "Bay Area International"]
[Site "?"]
[Date "2014.01.07"]
[Round "8"]
[White "Anderson, Michael"]
[Black "Schiller, Eric"]
[Result "1-0"]
[WhiteElo "1886"]
[BlackElo "2061"]
[PlyCount "79"]
[EventDate "1.??.??"]

1. e4 c5 2. d4 cxd4 3. c3 dxc3 4. Nxc3 e6 5. Nf3 Bc5 6. Bd3 d6 7. O-O Ne7 8.
Bg5 h6 9. Bh4 Nbc6 10. Rc1 a6 11. a3 O-O 12. b4 Ba7 13. b5 Nd4 14. Bb1 Nxf3+
15. Qxf3 g5 16. Bg3 e5 17. Rfd1 Ng6 18. Qh5 Kg7 19. Nd5 Bc5 20. Rxc5 dxc5 21.
Ne3 Qf6 22. Nd5 Qe6 23. Ne3 Qb3 24. Bc2 Qxa3 25. Nf5+ Bxf5 26. exf5 Rfd8 27.
fxg6 Rxd1+ 28. Qxd1 Qc3 29. gxf7 Rd8 30. f8=Q+ Rxf8 31. Qe2 Re8 32. bxa6 bxa6
33. h3 Qd4 34. Qxa6 e4 35. Qc6 Re7 36. Bd6 e3 37. fxe3 Rxe3 38. Kh2 Qd2 39.
Qd7+ Kf6 40. Qf5+ 1-0

[Event "Bay Area International"]
[Site "?"]
[Date "2014.01.07"]
[Round "8"]
[White "Ashe, Brandon"]
[Black "Sevian, Samuel"]
[Result "0-1"]
[WhiteElo "2193"]
[BlackElo "2401"]
[PlyCount "82"]
[EventDate "1.??.??"]

1. e4 e5 2. Nf3 Nc6 3. Nc3 Nf6 4. Bb5 d6 5. d4 exd4 6. Nxd4 Bd7 7. O-O Be7 8.
Re1 O-O 9. Bf4 g6 10. Qd2 Re8 11. Rad1 Nh5 12. Be3 a6 13. Bf1 Nf6 14. Bf4 Nxd4
15. Qxd4 Nh5 16. Bh6 Bf6 17. Qd2 Bc6 18. Be2 Ng7 19. Bg4 Ne6 20. Nd5 Bh8 21. f4
Qh4 22. Bxe6 Qxh6 23. Bxf7+ Kxf7 24. Nxc7 Bxb2 25. Nxa8 Rxa8 26. Qxd6 Qf8 27.
Qd3 Qc5+ 28. Kh1 Bf6 29. e5 Be7 30. f5 gxf5 31. Qxf5+ Kg7 32. Rf1 Kh8 33. Qh5
Rg8 34. Rd2 Qe3 35. Re2 Qd4 36. h3 Be8 37. Qh6 Bg5 38. Qe6 Bb5 39. Ref2 Bxf1
40. Rxf1 Qe4 41. Rf3 Qe1+ 0-1

[Event "Bay Area International"]
[Site "?"]
[Date "2014.01.07"]
[Round "8"]
[White "Breckenridge, Steven"]
[Black "Lobo, Richard"]
[Result "1-0"]
[WhiteElo "2342"]
[BlackElo "2242"]
[PlyCount "79"]
[EventDate "1.??.??"]

1. e4 e5 2. Nf3 Nc6 3. Bb5 a6 4. Ba4 Nf6 5. O-O Be7 6. d3 b5 7. Bb3 d6 8. a4 b4
9. a5 O-O 10. Nbd2 Rb8 11. Re1 Be6 12. Bc4 h6 13. c3 Qc8 14. Qa4 Qb7 15. Qa2
Nd8 16. d4 Nd7 17. h3 c6 18. d5 cxd5 19. exd5 Bf5 20. cxb4 Nf6 21. Nf1 Re8 22.
Bd2 Bd7 23. Rec1 Bf8 24. Ne3 g6 25. Rc2 Ne4 26. Be1 f5 27. Rac1 Re7 28. Bb3 Bb5
29. Nc4 Nf7 30. Nb6 Kh7 31. Ba4 Bg7 32. Bxb5 axb5 33. Rc6 Ra8 34. Nxa8 Qxa8 35.
a6 Nf6 36. Rc7 Rxc7 37. Rxc7 Ng5 38. a7 Nxf3+ 39. gxf3 Nxd5 40. Rc8 1-0

[Event "Bay Area International"]
[Site "?"]
[Date "2014.01.07"]
[Round "8"]
[White "Byambaa, Uyanga"]
[Black "Coraretti, Benjamin"]
[Result "1/2-1/2"]
[WhiteElo "2028"]
[BlackElo "2170"]
[PlyCount "87"]
[EventDate "1.??.??"]

1. e4 d6 2. d4 Nf6 3. Nc3 c6 4. f4 Qa5 5. Bd3 e5 6. Nf3 Bg4 7. dxe5 dxe5 8.
fxe5 Nfd7 9. e6 Bxe6 10. Ng5 Qe5 11. O-O Be7 12. Nxe6 Qxe6 13. Qe2 Ne5 14. Bf4
Nbd7 15. Rad1 O-O 16. Kh1 Rfe8 17. a3 Bf8 18. Nb1 b5 19. Nd2 Rad8 20. Nf3 Nxf3
21. Qxf3 f6 22. b4 Ne5 23. Bxe5 Qxe5 24. Qh3 g6 25. Rf3 Bg7 26. Rdf1 a6 27. Qh4
Qg5 28. Qf2 c5 29. bxc5 Rc8 30. c6 Rxc6 31. Qa7 Qc5 32. Qd7 Re5 33. Qd8+ Qf8
34. Qd7 Qd6 35. Qxd6 Rxd6 36. Rb1 Rd4 37. g3 Re7 38. Kg2 Red7 39. Rb3 Kf7 40.
h4 Bf8 41. Rc3 Kg7 42. h5 Be7 43. hxg6 hxg6 44. Rc6 1/2-1/2

[Event "Bay Area International"]
[Site "?"]
[Date "2014.01.07"]
[Round "8"]
[White "Chevannes, Sabrina"]
[Black "Taghizadeh, Rayan"]
[Result "1-0"]
[WhiteElo "2176"]
[BlackElo "1967"]
[PlyCount "91"]
[EventDate "1.??.??"]

1. d4 Nf6 2. Nf3 e6 3. c4 b6 4. g3 Bb7 5. Bg2 Be7 6. O-O O-O 7. Nc3 Ne4 8. Qc2
Nxc3 9. Qxc3 d6 10. Qc2 f5 11. d5 e5 12. h4 h6 13. Bd2 a5 14. a3 a4 15. Rfd1
Bc8 16. Nxe5 dxe5 17. d6 Ra7 18. Bd5+ Kh8 19. dxe7 Qxe7 20. c5 Na6 21. cxb6
cxb6 22. Qxa4 f4 23. Bb4 Nxb4 24. Qxb4 Qf6 25. Bf3 Re7 26. Rd6 Re6 27. Rxe6
Bxe6 28. Qxb6 e4 29. Bxe4 fxg3 30. fxg3 Qe5 31. Bg2 Rb8 32. Qf2 Rxb2 33. Re1
Bg8 34. Bf3 Ra2 35. Rc1 Ra1 36. Rxa1 Qxa1+ 37. Kh2 Qxa3 38. Bg2 Qe7 39. e4 Qe5
40. Qf8 Kh7 41. Qf4 Qxf4 42. gxf4 g5 43. f5 gxh4 44. Kh3 Kg7 45. e5 Bh7 46. Be4
1-0

[Event "Bay Area International"]
[Site "?"]
[Date "2014.01.07"]
[Round "8"]
[White "Cao, Jason"]
[Black "Wang, Michael"]
[Result "1/2-1/2"]
[WhiteElo "2151"]
[BlackElo "2040"]
[PlyCount "93"]
[EventDate "1.??.??"]

1. d4 Nf6 2. Nf3 g6 3. g3 Bg7 4. Bg2 d6 5. O-O O-O 6. c4 Nc6 7. Nc3 Rb8 8. d5
Na5 9. Nd2 Nd7 10. Qc2 Ne5 11. b3 a6 12. a4 c6 13. Bb2 b5 14. dxc6 bxc4 15. Nd5
Naxc6 16. Nxc4 a5 17. Nxe5 Nxe5 18. Rfd1 Ba6 19. Rac1 Qd7 20. f4 Rfc8 21. Qe4
Rxc1 22. Rxc1 Qa7+ 23. e3 Bd3 24. Bd4 Qd7 25. Nb6 Bxe4 26. Nxd7 Nxd7 27. Bxe4
Bxd4 28. exd4 Rxb3 29. Rc7 Nf6 30. Bc2 Rb2 31. Bd3 Rd2 32. Bb5 Rxd4 33. Rxe7
Rd1+ 34. Kg2 Rd2+ 35. Kg1 d5 36. Ra7 Rd1+ 37. Kg2 d4 38. Bc4 Ng4 39. Bxf7+ Kf8
40. h3 Rd2+ 41. Kf3 Nf6 42. Bc4 Rc2 43. Bd3 Rc3 44. Ke2 Rc5 45. Bb5 Rc3 46. Bd3
Rc5 47. Bb5 1/2-1/2

[Event "Bay Area International"]
[Site "?"]
[Date "2014.01.07"]
[Round "8"]
[White "de Guzman, Ricardo"]
[Black "Piasetski, Leon"]
[Result "1-0"]
[WhiteElo "2409"]
[BlackElo "2289"]
[PlyCount "89"]
[EventDate "2014.??.??"]

1. d4 e6 2. Nf3 c5 3. c4 cxd4 4. Nxd4 Nf6 5. g3 Qc7 6. Qa4 Bc5 7. Nb3 Ng4 8. e3
Be7 9. Be2 Nf6 10. O-O b6 11. Nc3 Bb7 12. f3 a6 13. Nd4 O-O 14. Bd2 d5 15. cxd5
Nxd5 16. Nxd5 Bxd5 17. Rac1 Qd8 18. Rfd1 Ra7 19. e4 Ba8 20. Be3 Rd7 21. b4 Bb7
22. Qb3 Kh8 23. a4 Bf6 24. Nc2 Rxd1+ 25. Rxd1 Qc7 26. Na3 Qc3 27. Qxc3 Bxc3 28.
b5 f5 29. exf5 exf5 30. Bxb6 h6 31. Nc4 axb5 32. axb5 f4 33. gxf4 g5 34. f5 Kg7
35. Bc7 Ba8 36. Kf2 Rc8 37. Nd6 Rf8 38. Ne4 Bb2 39. Ng3 Rc8 40. Nh5+ Kf8 41. b6
Ba3 42. Bd6+ Bxd6 43. Rxd6 Bb7 44. Rxh6 Nd7 45. Rh7 1-0

[Event "Bay Area International"]
[Site "?"]
[Date "2014.01.08"]
[Round "8"]
[White "Evans, Bela"]
[Black "Hendrickson, Nolan"]
[Result "1/2-1/2"]
[WhiteElo "2243"]
[BlackElo "2145"]
[PlyCount "125"]
[EventDate "1.??.??"]

1. d4 d5 2. Nf3 Nf6 3. c4 c6 4. Qb3 g6 5. Nc3 Bg7 6. cxd5 cxd5 7. Bg5 e6 8. e3
O-O 9. Be2 Nc6 10. O-O h6 11. Bh4 b6 12. Ne5 Bb7 13. Qa4 Qc7 14. Nb5 Qe7 15.
Rfc1 Rfc8 16. Na3 a6 17. Nxc6 Qd7 18. Bxf6 Bxf6 19. Qd1 Bxc6 20. g3 Bb7 21.
Rxc8+ Rxc8 22. Rc1 Rc6 23. Rxc6 Qxc6 24. Qc2 Qxc2 25. Nxc2 Be7 26. Kf1 Kf8 27.
Ke1 Ke8 28. Kd2 Kd7 29. a3 Kc7 30. Kc3 Bd6 31. h4 a5 32. f4 Be7 33. Ne1 Bc6 34.
Nf3 Be8 35. Bd3 f6 36. g4 f5 37. g5 h5 38. Kb3 Bd6 39. Ka2 Bc6 40. Nd2 Kb7 41.
Nb1 b5 42. Kb3 Kb6 43. Be2 Be8 44. Nd2 b4 45. a4 Bd7 46. Bd1 Be8 47. Nf3 Bd7
48. Ka2 Be8 49. Kb1 Kc7 50. Kc1 Kb6 51. Kd2 Kc7 52. Ne1 Kd8 53. Nd3 Kc7 54. Ke2
Kb6 55. Kf2 Kc7 56. Ke2 Kb6 57. Kd2 Bd7 58. b3 Be8 59. Be2 Bd7 60. Bd1 Be8 61.
Be2 Bd7 62. Bd1 Be8 63. Be2 1/2-1/2

[Event "Bay Area International"]
[Site "?"]
[Date "2014.01.07"]
[Round "8"]
[White "Gerzhoy, Leonid"]
[Black "Bryant, John"]
[Result "0-1"]
[WhiteElo "2481"]
[BlackElo "2410"]
[PlyCount "114"]
[EventDate "1.??.??"]

1. e4 c5 2. Nf3 d6 3. d4 cxd4 4. Nxd4 Nf6 5. Nc3 a6 6. Be2 e5 7. Nb3 Be7 8. O-O
O-O 9. Be3 Bd7 10. Qd2 Bc6 11. f3 Nbd7 12. a4 b6 13. Rfd1 Qb8 14. Nc1 Rd8 15.
N1a2 a5 16. Bc4 Bxa4 17. Nxa4 b5 18. Bxb5 Qxb5 19. N2c3 Qc6 20. Nd5 Nxd5 21.
Qxd5 Qxc2 22. Nc3 Qxb2 23. Qd3 Rdc8 24. Nd5 Bd8 25. Rab1 Qc2 26. Qa3 Qc6 27.
Rdc1 Qa6 28. Qa4 Nf6 29. Rxc8 Qxc8 30. Bg5 Nd7 31. Be3 Nf6 32. Bg5 h5 33. Bxf6
Bxf6 34. h3 Qc5+ 35. Kh2 Bh4 36. Rb2 Qc1 37. Re2 Rb8 38. Qc2 Qa1 39. g3 Bg5 40.
f4 exf4 41. gxf4 Bh6 42. e5 Qd4 43. Qa2 Bxf4+ 44. Kg2 Rb5 45. Ne7+ Kf8 46. Nf5
Qd3 47. Qc2 Qxc2 48. Rxc2 Rxe5 49. Rc8+ Re8 50. Rc4 Be5 51. Kf3 d5 52. Rc5 g6
53. Nh4 Ra8 54. Rxd5 Bf6 55. Ng2 a4 56. Rd2 a3 57. Ra2 Bb2 0-1

[Event "Bay Area International"]
[Site "?"]
[Date "2014.01.07"]
[Round "8"]
[White "Haessel, Dale"]
[Black "Odondo, Ganbold"]
[Result "0-1"]
[WhiteElo "2211"]
[BlackElo "2335"]
[PlyCount "134"]
[EventDate "1.??.??"]

1. Nf3 d6 2. d4 g6 3. c4 Bg7 4. Nc3 e5 5. e4 Nd7 6. g3 Ne7 7. Bg2 O-O 8. Be3
exd4 9. Nxd4 Ne5 10. b3 Bg4 11. f3 Bxf3 12. Bxf3 c5 13. Ndb5 Nxf3+ 14. Qxf3 a6
15. Rd1 axb5 16. Nxb5 Rxa2 17. O-O Nc6 18. Bxc5 Ne5 19. Qf4 Qc8 20. Bxd6 Qh3
21. Rd2 Bh6 22. Rxa2 Bxf4 23. Rxf4 Rd8 24. Rd2 g5 25. Rff2 Ng4 26. Rf5 h6 27.
c5 Ne3 28. Rf3 Ng4 29. Nc7 Ne5 30. Rff2 Ng4 31. Rf3 b6 32. b4 bxc5 33. bxc5 Ne5
34. Rff2 Nc4 35. Rd1 Qg4 36. Rd4 Ne3 37. Nd5 Nxd5 38. Rxd5 Qxe4 39. Re5 Qd4 40.
Ref5 Rd7 41. h3 Rb7 42. Kh2 Qe4 43. Re5 Qc6 44. Re1 Ra7 45. Ref1 Qe4 46. Rf5
Ra2+ 47. R5f2 Rc2 48. Rxc2 Qxc2+ 49. Kg1 f5 50. Rf2 Qe4 51. h4 Kg7 52. hxg5
hxg5 53. Kf1 Kg6 54. Kg1 Kh5 55. Kh2 Kg4 56. Kg1 Qe1+ 57. Kg2 Qd1 58. Kh2 Qe1
59. Kg2 Qe4+ 60. Kh2 Qe3 61. Kg2 Qe1 62. Rf1 Qe4+ 63. Kh2 Qe2+ 64. Kg1 Kh3 65.
Rf2 Qe1+ 66. Rf1 Qe3+ 67. Rf2 Qd4 0-1